Proč alternativní zemědělství? Ekologické desatero Ing. Richarda Bartáka CSc., náměstka ministra zemědělství České republiky.

Desať ekologických argumentov hovoriacich za alternatívne poľnohospodárstvo. Ekologická, ekonomická a energetická kríza, ktoré hrozia z energetickej náročnosti konvenčného poľnohospodárstva. Podiel poľnohospodárstva na znečisťovaní ovzdušia a na stagnácii pravdepodobného veku dožitia.

Gespeichert in:
Bibliographische Detailangaben
Format: Buchkapitel
Sprache:Tschechisch
Schlagworte:
Tags: Tag hinzufügen
Keine Tags, Fügen Sie das erste Tag hinzu!

MARC

LEADER 00000naa a2200000 4500
001 r004198
005 20221125075901.2
041 0 |a cze 
044 |a [CS] 
245 1 0 |a Proč alternativní zemědělství?  |b Ekologické desatero Ing. Richarda Bartáka CSc., náměstka ministra zemědělství České republiky. 
520 |a Desať ekologických argumentov hovoriacich za alternatívne poľnohospodárstvo. Ekologická, ekonomická a energetická kríza, ktoré hrozia z energetickej náročnosti konvenčného poľnohospodárstva. Podiel poľnohospodárstva na znečisťovaní ovzdušia a na stagnácii pravdepodobného veku dožitia. 
610 2 0 |a ekológia 
610 2 0 |a poľnohospodárstvo alternatívne 
610 2 0 |a znečistenie ovzdušia 
610 2 0 |a Čechy